Traja košickí väzenskí strážcovia skončili za mrežami

Bibliographic Details
Main Author: Sedláček, Ľubomír (Author)
Corporate Author: Ústav zboru väzenskej a justičnej stráže SR (Košice, Slovensko) (Author)
Format: Article
Language:Slovak
Subjects:

MARC

LEADER 00000nab a2200000 a 4500
001 vtls000892457
003 SK-MaSNL
005 20260302175931.0
008 040720e19940525xo 0 slo
035 |a KE1494 
040 |a KEVKJB  |b slo  |c KEVKJB  |e AACR2 
041 0 |a slo 
044 |a xo  |c SK 
080 |a 343.82  |2 1981 
100 1 |a Sedláček, Ľubomír  |4 aut  |9 518724 
245 1 0 |a Traja košickí väzenskí strážcovia skončili za mrežami 
610 2 7 |a Ústav zboru väzenskej a justičnej stráže SR (Košice, Slovensko)  |2 KEVKJB  |9 880929 
650 0 7 |a pašovanie za mreže  |2 KEVKJB  |9 888190 
650 0 7 |a zneužitie funkcie  |2 KEVKJB  |9 888191 
651 7 |a KE,  |2 KEVKJB  |9 877256 
651 7 |a KE,  |2 KEVKJB  |9 877256 
655 7 |a periodikum  |2 snkbucl  |9 29553 
710 2 |a Ústav zboru väzenskej a justičnej stráže SR (Košice, Slovensko)  |4 aut  |9 880929 
773 0 8 |t Nový čas  |g Roč. 4  |g Roč. 28, č.120, 25.5.1994, s. 16-17 
852 |a ZVYKNI  |b KIS3GCP 
999 |c 1408856  |d 1410786